[Event "Novi Sad Serbian op"]
[Site "Novi Sad"]
[Date "2016.11.12"]
[Round "8"]
[White "Krykun, Yuriy"]
[Black "Kozomora, Dragan"]
[Result "1-0"]
[WhiteElo "2239"]
[BlackElo "2076"]
[PlyCount "103"]
[EventDate "2016.11.06"]
[EventType "swiss"]
[EventRounds "9"]
[EventCountry "SRB"]
[SourceTitle "CBM 175 Extra"]
[Source "ChessBase"]
[SourceDate "2016.12.12"]
[SourceVersion "1"]
[SourceVersionDate "2016.12.12"]
[SourceQuality "1"]

1. c4 Nf6 2. Nf3 b6 3. g3 Bb7 4. Bg2 e6 5. 0-0 Be7 6. Nc3 c5 7. Re1 0-0 8. e4 d6 9. d4 Nbd7 10. d5 e5 11. Nd2 Bc8 12. f4 Ne8 13. Nf3 Bf6 14. f5 a6 15. a4 Rb8 16. g4 g5 17. h4 h6 18. Qd2 Kh7 19. Kf2 Be7 20. hxg5 Bxg5 21. Nxg5+ hxg5 22. Rh1+ Kg7 23. Qxg5+ Qxg5 24. Bxg5 Rh8 25. Rxh8 Kxh8 26. Be3 f6 27. Rh1+ Kg7 28. Bf3 Nf8 29. Bh6+ Kg8 30. g5 fxg5 31. Bxg5 Nh7 32. Bh6 Nhf6 33. Rg1+ Kf7 34. Ke3 Bd7 35. Be2 Rb7 36. Kd2 Ke7 37. Bg5 Kf7 38. Rh1 Kg7 39. b3 Rb8 40. Kc2 Rb7 41. Be3 Nc7 42. Bg5 Nce8 43. Rb1 Nh7 44. Be3 a5 45. Rg1+ Kf6 46. Bh5 Ke7 47. Bxe8 Kxe8 48. Rg6 Kf7 49. Rxd6 Nf8 50. Rh6 Rb8 51. Bf2 Rb7 52. Bg3 1-0

[Event "Novi Sad Serbian op"]
[Site "Novi Sad"]
[Date "2016.11.10"]
[Round "6"]
[White "Secheres, Adrian Simion"]
[Black "Kozomora, Dragan"]
[Result "1-0"]
[WhiteElo "2296"]
[BlackElo "2076"]
[PlyCount "113"]
[EventDate "2016.11.06"]
[EventType "swiss"]
[EventRounds "9"]
[EventCountry "SRB"]
[SourceTitle "CBM 175 Extra"]
[Source "ChessBase"]
[SourceDate "2016.12.12"]
[SourceVersion "1"]
[SourceVersionDate "2016.12.12"]
[SourceQuality "1"]

1. d4 Nf6 2. c4 c5 3. d5 e5 4. Nc3 d6 5. e4 Be7 6. Bd3 Nbd7 7. a3 Nf8 8. b4 b6 9. Nge2 Ng6 10. 0-0 0-0 11. Bd2 Nh5 12. Qc1 Bd7 13. f3 h6 14. g3 Bg5 15. Rb1 Bxd2 16. Qxd2 cxb4 17. axb4 Nf6 18. Qe3 Qc7 19. Rfc1 Rfc8 20. Rc2 Ne7 21. Nc1 Qd8 22. Nb3 a5 23. bxa5 bxa5 24. c5 a4 25. cxd6 axb3 26. dxe7 Qxe7 27. Rxb3 Ra1+ 28. Kg2 g5 29. h3 Nh5 30. Ne2 Rxc2 31. Bxc2 Kg7 32. Qc3 Ra8 33. Rb4 Ra2 34. Rb2 Ra8 35. Bd3 Qf6 36. Bb5 Rc8 37. Qd3 Rb8 38. Rb3 Qb6 39. Ba4 Bxh3+ 40. Kxh3 Qf2 41. Qe3 Qf1+ 42. Kh2 Ra8 43. Ra3 Kh7 44. Ra2 Rb8 45. Ng1 Rb1 46. Qf2 Qc1 47. d6 Qc8 48. d7 Qd8 49. Rc2 Rb8 50. Qc5 Qf6 51. Qc6 Qd8 52. Qc7 Qf6 53. Qxb8 Nxg3 54. Kxg3 Qf4+ 55. Kg2 g4 56. d8Q gxf3+ 57. Nxf3 1-0

[Event "Novi Sad Serbian op"]
[Site "Novi Sad"]
[Date "2016.11.06"]
[Round "1"]
[White "Kozomora, Dragan"]
[Black "Tosic, Miroslav"]
[Result "0-1"]
[WhiteElo "2076"]
[BlackElo "2387"]
[PlyCount "76"]
[EventDate "2016.11.06"]
[EventType "swiss"]
[EventRounds "9"]
[EventCountry "SRB"]
[SourceTitle "CBM 175 Extra"]
[Source "ChessBase"]
[SourceDate "2016.12.12"]
[SourceVersion "1"]
[SourceVersionDate "2016.12.12"]
[SourceQuality "1"]

1. c4 e6 2. Nc3 c5 3. Nf3 b6 4. g3 Bb7 5. Bg2 Nf6 6. 0-0 Be7 7. d4 cxd4 8. Nb5 a6 9. Nbxd4 0-0 10. b3 Qc7 11. Bb2 d6 12. Rc1 Re8 13. h4 Nbd7 14. Ng5 Bxg2 15. Kxg2 Qb7+ 16. Kg1 Bf8 17. f3 b5 18. Kh2 bxc4 19. Rxc4 d5 20. Rc1 h6 21. Nh3 e5 22. Nf5 d4 23. g4 Nd5 24. Rg1 g6 25. Ng3 Ne3 26. Qd2 Bb4 27. Qd3 Nc5 28. Rxc5 Bxc5 29. Ne4 Be7 30. g5 Qb5 31. f4 Qxd3 32. exd3 Rec8 33. Bc1 Rc2+ 34. Kh1 exf4 35. h5 hxg5 36. Nexg5 Bxg5 37. Nxg5 Kg7 38. h6+ Kxh6 0-1

[Event "Vojvodina-ch 5th"]
[Site "Novi Sad"]
[Date "2014.07.16"]
[Round "6"]
[White "Ratkovic, Miloje"]
[Black "Kozomora, Dragan"]
[Result "1-0"]
[WhiteElo "2383"]
[BlackElo "2105"]
[PlyCount "81"]
[EventDate "2014.07.12"]
[EventType "swiss"]
[EventRounds "9"]
[EventCountry "YUG"]
[SourceTitle "CBM 161 Extra"]
[Source "ChessBase"]
[SourceDate "2014.08.29"]
[SourceVersion "1"]
[SourceVersionDate "2014.08.29"]
[SourceQuality "1"]

1. d4 Nf6 2. c4 c5 3. d5 b5 4. cxb5 a6 5. b6 Qxb6 6. Nc3 g6 7. e4 d6 8. Be2 Bg7 9. Nf3 0-0 10. Nd2 Bd7 11. 0-0 Bb5 12. a4 Bxe2 13. Qxe2 Nbd7 14. Nc4 Qc7 15. a5 Rfe8 16. Rd1 Rad8 17. h3 e5 18. dxe6 Rxe6 19. Bf4 Ne8 20. Qc2 Ndf6 21. Nb6 Rb8 22. Ncd5 Nxd5 23. exd5 Re7 24. Ra4 f5 25. b4 Bd4 26. bxc5 Bxc5 27. Rc4 Rd8 28. Bg5 Re5 29. Bxd8 Qxd8 30. Na4 Ba7 31. Qd2 Qe7 32. Nb6 g5 33. Nc8 Qg7 34. Nxa7 Qxa7 35. Qxg5+ Kf7 36. Rh4 Nf6 37. Rf4 Qd7 38. g4 Nxd5 39. Rxf5+ Rxf5 40. Qxf5+ Qxf5 41. gxf5 1-0

[Event "Vojvodina-ch 5th"]
[Site "Novi Sad"]
[Date "2014.07.14"]
[Round "4"]
[White "Doric, Nenad"]
[Black "Kozomora, Dragan"]
[Result "1-0"]
[WhiteElo "2316"]
[BlackElo "2105"]
[PlyCount "83"]
[EventDate "2014.07.12"]
[EventType "swiss"]
[EventRounds "9"]
[EventCountry "YUG"]
[SourceTitle "CBM 161 Extra"]
[Source "ChessBase"]
[SourceDate "2014.08.29"]
[SourceVersion "1"]
[SourceVersionDate "2014.08.29"]
[SourceQuality "1"]

1. e4 c6 2. c4 d5 3. cxd5 cxd5 4. exd5 Nf6 5. Nc3 g6 6. Bc4 Bg7 7. Nf3 0-0 8. 0-0 Nbd7 9. d3 Nb6 10. Qb3 a6 11. Be3 Nbd7 12. a4 Ng4 13. Bf4 Nge5 14. Nxe5 Nxe5 15. Rfe1 Nxc4 16. dxc4 Bf5 17. Qxb7 Rc8 18. Qxa6 Bd3 19. Qb7 Rxc4 20. Be5 Bxe5 21. Rxe5 Rc7 22. Qb4 Rd7 23. Rae1 Re8 24. h3 Qc7 25. Qd4 f6 26. R5e3 Bf5 27. Ne4 Bxe4 28. Qxe4 Qb7 29. Qe6+ Kf8 30. d6 Qc8 31. dxe7+ Kg7 32. Rf3 f5 33. Rfe3 Qb7 34. b4 Kh6 35. Qf7 Qb8 36. Re6 Rd4 37. a5 Rxb4 38. Rb6 Rxb6 39. axb6 f4 40. b7 f3 41. Qxe8 Qxe8 42. b8Q 1-0

[Event "Vojvodina-ch 2nd"]
[Site "Novi Sad"]
[Date "2011.07.24"]
[Round "2"]
[White "Kozomora, Dragan"]
[Black "Jovic, Stevan"]
[Result "0-1"]
[WhiteElo "2095"]
[BlackElo "2273"]
[PlyCount "92"]
[EventDate "2011.07.24"]
[EventType "swiss"]
[EventRounds "9"]
[EventCountry "SRB"]
[SourceTitle "CBM 143 Extra"]
[Source "ChessBase"]
[SourceDate "2011.08.29"]
[SourceVersion "1"]
[SourceVersionDate "2011.08.29"]
[SourceQuality "1"]

1. e4 c6 2. d4 d5 3. Nc3 dxe4 4. Nxe4 Bf5 5. Ng3 Bg6 6. h4 h6 7. f4 e6 8. Nf3 Be7 9. h5 Bh7 10. Bd3 Bxd3 11. Qxd3 Nf6 12. Bd2 c5 13. 0-0-0 Nc6 14. f5 Qd6 15. Ne4 Nxe4 16. Qxe4 cxd4 17. Bf4 exf5 18. Qxf5 Qc5 19. Qxc5 Bxc5 20. Rhe1+ Kf8 21. c3 dxc3 22. bxc3 Rd8 23. Kc2 Rxd1 24. Rxd1 Ke7 25. Re1+ Kd8 26. Ne5 Nxe5 27. Bxe5 f6 28. Bd4 Bxd4 29. Rd1 Ke7 30. cxd4 Rd8 31. Kc3 Rd5 32. Re1+ Kd6 33. g4 Ra5 34. Re8 Ra3+ 35. Kc4 Rxa2 36. Rg8 Rc2+ 37. Kb5 Rc7 38. Rd8+ Rd7 39. Ra8 Kd5 40. Rxa7 Kxd4 41. Ra4+ Ke3 42. Kc5 Re7 43. Kd5 Re5+ 44. Kd6 b5 45. Rb4 Kd3 46. Kc6 Kc3 0-1

[Event "Backa Topola-ch"]
[Site "Backa Topola"]
[Date "2010.11.29"]
[Round "6"]
[White "Kozomora, Dragan"]
[Black "Desnica, Vladan"]
[Result "0-1"]
[WhiteElo "2113"]
[BlackElo "2109"]
[PlyCount "74"]
[EventDate "2010.11.17"]
[EventType "swiss"]
[EventRounds "9"]
[EventCountry "SRB"]
[SourceTitle "EXT 2019"]
[Source "ChessBase"]
[SourceDate "2018.10.10"]
[SourceVersion "1"]
[SourceVersionDate "2018.10.10"]
[SourceQuality "1"]

1. e4 c5 2. b3 Nc6 3. Bb2 d6 4. Bb5 Bd7 5. Nf3 Nf6 6. Nc3 a6 7. Bxc6 Bxc6 8. Qe2 e5 9. d3 g6 10. a4 b6 11. 0-0 Bg7 12. Nd1 0-0 13. c4 Nh5 14. Ne3 Nf4 15. Qc2 f5 16. Ne1 a5 17. f3 Ra7 18. Ra2 Raf7 19. Bc1 Ne6 20. Rf2 Bh6 21. Rb2 Bxe3 22. Bxe3 f4 23. Bd2 Qh4 24. Bc3 g5 25. Qe2 h5 26. Rf1 g4 27. fxg4 hxg4 28. h3 f3 29. gxf3 Nf4 30. Qh2 g3 31. Rg2 Nxg2 32. Qxg2 Bd7 33. Qh1 Qxh3 34. Qg2 Qh4 35. Qh1 Qxh1+ 36. Kxh1 Rh7+ 37. Kg1 Rh2 0-1

[Event "Vojvodina-ch 1st"]
[Site "Novi Sad"]
[Date "2010.07.26"]
[Round "2"]
[White "Kozomora, Dragan"]
[Black "Dabo Peranic, Robert"]
[Result "1-0"]
[WhiteElo "2122"]
[BlackElo "2313"]
[PlyCount "80"]
[EventDate "2010.07.25"]
[EventType "swiss"]
[EventRounds "9"]
[EventCountry "YUG"]
[SourceTitle "CBM 137 Extra"]
[Source "ChessBase"]
[SourceDate "2010.09.01"]
[SourceVersion "1"]
[SourceVersionDate "2010.09.01"]
[SourceQuality "1"]

1. c4 e5 2. Nc3 Nf6 3. Nf3 Nc6 4. g3 d5 5. cxd5 Nxd5 6. Bg2 Nb6 7. d3 Be7 8. 0-0 0-0 9. a4 a5 10. Be3 Bg4 11. h3 Bh5 12. Nb5 Nd5 13. Qc1 f6 14. Bc5 Rc8 15. Rd1 Qd7 16. Bxe7 Ncxe7 17. e4 c6 18. Na3 Nb4 19. d4 Qc7 20. Qc3 exd4 21. Rxd4 c5 22. Rd2 Rfd8 23. Rad1 b6 24. Nb5 Qb8 25. Nd6 Rc6 26. Nf5 Rxd2 27. Nxe7+ Kf8 28. Qxd2 Kxe7 29. Qd7+ Kf8 30. e5 Be8 31. Qf5 Bg6 32. Qg4 Qc8 33. exf6 gxf6 34. Qf4 Nd3 35. Qh6+ Kf7 36. Nh4 Rd6 37. Nxg6 hxg6 38. Qh7+ Ke6 39. Qxg6 c4 40. h4 Qc5 1-0